000
00266nam a22001217a 4500
008
171012b xxu||||| |||| 00| 0 eng d
041
_a
eng
080
_a
316
100
_a
50
101
_a
SOC
245
_a
PESONALITY IN CULTURE
_c
HONIGMAN.J.J
942
_2
udc
_c
BK
999
_c
33462
_d
33462